| 000 | 00434nam a2200157 i 4500 | ||
|---|---|---|---|
| 001 | 35156 | ||
| 003 | ES-MaACL | ||
| 005 | 20230906155051.0 | ||
| 007 | t| | ||
| 008 | 030212s1970 sp ||||1| spa d | ||
| 100 | 1 |
_aBothwell, J. H. _930777 |
|
| 245 | 1 | 0 |
_aDouglas Mac Arthuar, general de generales / _cpor J.H. Bothwell. |
| 260 |
_a[Barcelona : _bAries, _c1970] |
||
| 300 |
_a92 p. ; _c22 cm. |
||
| 852 |
_aES-MaACL _jC-45660 _bR.76996 |
||
| 999 |
_c35156 _d35156 |
||